[Event "FIDE World Cup (Women)"]
[Site "Krasnaya Polyana"]
[Date "2021.07.12"]
[Round "1.1"]
[White "Drastik, Penelope"]
[Black "Sebag, Marie"]
[Result "0-1"]
[WhiteElo "1835"]
[BlackElo "2438"]
[PlyCount "86"]
[EventDate "2021.07.12"]
[EventType "k.o."]
[EventRounds "7"]
[EventCountry "RUS"]
[SourceTitle "CBM 203"]
[Source "ChessBase"]
[SourceDate "2021.08.31"]
[SourceVersion "1"]
[SourceVersionDate "2021.08.31"]
[SourceQuality "1"]

1. d4 d5 2. c4 c6 3. Nf3 Nf6 4. Nc3 e6 5. Bg5 h6 6. Bh4 dxc4 7. e4 g5 8. Bg3 b5 9. e5 Nd5 10. Nd2 h5 11. h4 g4 12. Nde4 Nd7 13. Be2 Bb7 14. Qd2 Nxc3 15. bxc3 c5 16. f3 cxd4 17. cxd4 Qb6 18. Rb1 0-0-0 19. Bxc4 b4 20. Nd6+ Bxd6 21. exd6 gxf3 22. gxf3 a5 23. a3 Rhg8 24. Kf2 Rxg3 25. Kxg3 Qxd6+ 26. Kf2 Nb6 27. Be2 Qxd4+ 28. Qxd4 Rxd4 29. Ke3 e5 30. Rhc1+ Kb8 31. axb4 axb4 32. Rc5 f6 33. Rg1 Nd5+ 34. Kf2 Nc3 35. Rg8+ Ka7 36. Rg7 Kb6 37. Rcc7 Bc6 38. Ke1 Rxh4 39. Ra7 Rh1+ 40. Kd2 Nxe2 41. Kxe2 b3 42. Ra3 Bb5+ 43. Ke3 b2 0-1

[Event "Hastings Masters op 95th"]
[Site "Hastings"]
[Date "2020.01.03"]
[Round "7"]
[White "Drastik, Penelope"]
[Black "Hutchinson, Paul A"]
[Result "0-1"]
[WhiteElo "1821"]
[BlackElo "2112"]
[PlyCount "50"]
[EventDate "2019.12.28"]
[EventType "swiss"]
[EventRounds "9"]
[EventCountry "ENG"]
[SourceTitle "CBM 194 Extra"]
[Source "ChessBase"]
[SourceDate "2020.03.31"]
[SourceVersion "1"]
[SourceVersionDate "2020.03.31"]
[SourceQuality "1"]

1. d4 d5 2. c4 e6 3. Nc3 Nf6 4. Bg5 c6 5. e3 Nbd7 6. Nf3 Qa5 7. Be2 Ne4 8. 0-0 Bb4 9. Qc2 Bxc3 10. bxc3 Qxc3 11. Rfc1 Qxc2 12. Rxc2 Nxg5 13. Nxg5 dxc4 14. Bxc4 Nb6 15. Bd3 f6 16. Ne4 Ke7 17. a4 a5 18. Nd2 Nd5 19. Rc5 Bd7 20. Nb3 b6 21. Rcc1 Nb4 22. Be4 Rab8 23. f4 h6 24. Rf1 f5 25. Bf3 Nc2 0-1

[Event "Hastings Masters op 95th"]
[Site "Hastings"]
[Date "2019.12.29"]
[Round "2"]
[White "Stoyanov, Boris1111"]
[Black "Drastik, Penelope"]
[Result "0-1"]
[WhiteElo "1504"]
[BlackElo "1821"]
[PlyCount "80"]
[EventDate "2019.12.28"]
[EventType "swiss"]
[EventRounds "9"]
[EventCountry "ENG"]
[SourceTitle "CBM 194 Extra"]
[Source "ChessBase"]
[SourceDate "2020.03.31"]
[SourceVersion "1"]
[SourceVersionDate "2020.03.31"]
[SourceQuality "1"]

1. e4 c5 2. Nf3 d6 3. Bb5+ Bd7 4. Bxd7+ Qxd7 5. 0-0 Nf6 6. Qe2 Nc6 7. c3 e6 8. d4 cxd4 9. cxd4 d5 10. e5 Ne4 11. Nbd2 Nxd2 12. Bxd2 Be7 13. Rac1 0-0 14. Rc2 f6 15. Re1 Rae8 16. a3 fxe5 17. Nxe5 Nxe5 18. dxe5 Bd8 19. Qg4 Rf5 20. Bc3 Ref8 21. Ree2 Rf4 22. Qg3 Qa4 23. h3 a5 24. Qd3 Bb6 25. Kf1 R4f5 26. Rcd2 Qf4 27. g3 Qh6 28. Kg2 Rh5 29. g4 Rh4 30. Rc2 Qg5 31. Qg3 h5 32. f3 hxg4 33. hxg4 Qe7 34. b4 d4 35. Be1 Rh7 36. Re4 d3 37. Rcc4 Qd7 38. Bd2 Qa4 39. bxa5 Qd1 40. Qe1 Qxf3# 0-1

[Event "London Classic op 11th"]
[Site "London"]
[Date "2019.12.06"]
[Round "9"]
[White "Drastik, Penelope"]
[Black "Barasi, Paul Dl"]
[Result "0-1"]
[WhiteElo "1759"]
[BlackElo "1770"]
[PlyCount "51"]
[EventDate "2019.11.29"]
[EventType "swiss"]
[EventRounds "9"]
[EventCountry "ENG"]
[SourceTitle "CBM 193 Extra"]
[Source "ChessBase"]
[SourceDate "2020.01.31"]
[SourceVersion "1"]
[SourceVersionDate "2020.01.31"]
[SourceQuality "1"]

1. d4 d5 2. c4 Nc6 3. Nf3 Bg4 4. Nc3 e6 5. cxd5 exd5 6. Qb3 Nge7 7. e3 Bxf3 8. gxf3 g6 9. Qxb7 Rb8 10. Qa6 Bg7 11. Bg2 0-0 12. 0-0 Qd7 13. a3 Rb6 14. Qe2 Na5 15. b4 Nb7 16. Qc2 g5 17. Na4 Rh6 18. Nc5 Qd6 19. h3 Nd8 20. Bd2 Ng6 21. Qf5 Ne6 22. Nxe6 fxe6 23. Qxg5 Nh4 24. Qg3 Qe7 25. Kh1 Rg6 26. Qh2 0-1

[Event "London Classic op 11th"]
[Site "London"]
[Date "2019.12.02"]
[Round "5"]
[White "Drastik, Penelope"]
[Black "Ifalore, Michael"]
[Result "0-1"]
[WhiteElo "1759"]
[BlackElo "1989"]
[PlyCount "78"]
[EventDate "2019.11.29"]
[EventType "swiss"]
[EventRounds "9"]
[EventCountry "ENG"]
[SourceTitle "CBM 193 Extra"]
[Source "ChessBase"]
[SourceDate "2020.01.31"]
[SourceVersion "1"]
[SourceVersionDate "2020.01.31"]
[SourceQuality "1"]

1. d4 Nf6 2. c4 e6 3. Nf3 d5 4. Nc3 dxc4 5. e4 Bb4 6. Bxc4 Nxe4 7. 0-0 Nxc3 8. bxc3 Be7 9. Ne5 0-0 10. Qg4 f5 11. Qe2 Re8 12. Re1 c5 13. Bb2 Bf6 14. Qf3 g6 15. Rad1 Qc7 16. Bb3 Nd7 17. Nxd7 Bxd7 18. dxc5 Rad8 19. Rd6 Qxc5 20. Qd1 Bc8 21. Bxe6+ Bxe6 22. Rexe6 Rxd6 23. Rxe8+ Kf7 24. Qe1 Qb5 25. Ba3 Qxe8 26. Qxe8+ Kxe8 27. Bxd6 Bxc3 28. Kf1 Kd7 29. Bf8 Kc6 30. Ke2 Kb5 31. Kd3 Bb4 32. Bg7 Ka4 33. Kc2 Bc5 34. f3 Kb4 35. g4 fxg4 36. fxg4 Kc4 37. h4 h5 38. gxh5 gxh5 39. Kd2 Be7 0-1

[Event "London Classic op 11th"]
[Site "London"]
[Date "2019.11.30"]
[Round "3"]
[White "Drastik, Penelope"]
[Black "Papadiamandis, Elliot"]
[Result "0-1"]
[WhiteElo "1759"]
[BlackElo "2220"]
[PlyCount "90"]
[EventDate "2019.11.29"]
[EventType "swiss"]
[EventRounds "9"]
[EventCountry "ENG"]
[SourceTitle "CBM 193 Extra"]
[Source "ChessBase"]
[SourceDate "2020.01.31"]
[SourceVersion "1"]
[SourceVersionDate "2020.01.31"]
[SourceQuality "1"]

1. d4 Nf6 2. c4 g6 3. Nc3 d5 4. Bg5 Bg7 5. Bxf6 Bxf6 6. cxd5 c6 7. Rc1 0-0 8. dxc6 Qb6 9. e3 Qxb2 10. cxb7 Bxb7 11. Nge2 Qb6 12. Nf4 e5 13. dxe5 Bxe5 14. Qb3 Rc8 15. Bc4 Qxb3 16. axb3 Bxf4 17. exf4 Bxg2 18. Rg1 Bc6 19. f5 Kf8 20. f4 Nd7 21. fxg6 hxg6 22. Kf2 Nf6 23. Rg5 Rd8 24. Re1 Rd4 25. Ke3 Rd7 26. Ra1 Re8+ 27. Kf2 Rd2+ 28. Kf1 Re7 29. Ra6 Rc7 30. Ke1 Rxh2 31. Rc5 Re7+ 32. Re5 Rc7 33. Rc5 Rh1+ 34. Kd2 Rd7+ 35. Kc2 Ne4 36. Nxe4 Bxe4+ 37. Kc3 Rh3+ 38. Kb4 Rf3 39. Rca5 Rxf4 40. Rxa7 Rxa7 41. Rxa7 g5 42. Kc5 g4 43. b4 g3 44. b5 g2 45. Ra1 Rh4 0-1

[Event "London Classic op 11th"]
[Site "London"]
[Date "2019.11.29"]
[Round "1"]
[White "Drastik, Penelope"]
[Black "Russell, Christopher"]
[Result "1/2-1/2"]
[WhiteElo "1759"]
[BlackElo "2190"]
[PlyCount "78"]
[EventDate "2019.11.29"]
[EventType "swiss"]
[EventRounds "9"]
[EventCountry "ENG"]
[SourceTitle "CBM 193 Extra"]
[Source "ChessBase"]
[SourceDate "2020.01.31"]
[SourceVersion "1"]
[SourceVersionDate "2020.01.31"]
[SourceQuality "1"]

1. d4 e6 2. Nf3 Nf6 3. c4 d5 4. Nc3 dxc4 5. e4 Bb4 6. Bxc4 Nxe4 7. 0-0 Nf6 8. Qa4+ Nc6 9. Ne5 Be7 10. Nxc6 bxc6 11. Qxc6+ Bd7 12. Qf3 0-0 13. Bf4 Rb8 14. b3 Rb6 15. d5 exd5 16. Nxd5 Nxd5 17. Qxd5 Rg6 18. Bg3 Qc8 19. Qa5 Bc6 20. f3 Qa8 21. Bd3 Rg5 22. Qxc7 Bc5+ 23. Kh1 Rh5 24. Qf4 Rd8 25. Bc4 Rf8 26. Rae1 Rh6 27. Qf5 Bb4 28. Re3 Rf6 29. Qg4 Bc5 30. Re5 Rg6 31. Rg5 Bd7 32. Qh5 Rxg5 33. Qxg5 Qc6 34. Rc1 Kh8 35. Bd3 Be7 36. Rxc6 Bxg5 37. Rc7 Rd8 38. h4 Be3 39. Bc4 Bf5 1/2-1/2

[Event "NZL-ch op 126th"]
[Site "Auckland"]
[Date "2019.01.22"]
[Round "9"]
[White "Fulo, Nunilon III"]
[Black "Drastik, Penelope"]
[Result "1-0"]
[WhiteElo "2006"]
[BlackElo "1713"]
[PlyCount "81"]
[EventDate "2019.01.14"]
[EventType "swiss"]
[EventRounds "9"]
[EventCountry "NZL"]
[SourceTitle "CBM 188 Extra"]
[Source "ChessBase"]
[SourceDate "2019.02.26"]
[SourceVersion "1"]
[SourceVersionDate "2019.02.26"]
[SourceQuality "1"]

1. e4 c5 2. Nf3 d6 3. d4 cxd4 4. Nxd4 Nf6 5. Nc3 g6 6. Be3 Bg7 7. f3 0-0 8. Qd2 Nc6 9. 0-0-0 d5 10. Kb1 Nxd4 11. Bxd4 dxe4 12. fxe4 Be6 13. h3 a6 14. Qf2 Qc7 15. g4 Nd7 16. Bxg7 Kxg7 17. Nd5 Bxd5 18. exd5 Qc5 19. Qxc5 Nxc5 20. Bg2 Rad8 21. Rhe1 Rd7 22. c4 a5 23. b3 Rb8 24. Bf1 b6 25. Kc2 Nb7 26. Re3 Rc8 27. Kb2 Rdc7 28. Rde1 Kf8 29. Bd3 Re8 30. h4 Kg7 31. h5 g5 32. h6+ Kg8 33. Bb1 Nd6 34. Re5 f6 35. Re6 Nc8 36. Rxf6 exf6 37. Rxe8+ Kf7 38. Rh8 Rc5 39. Rxh7+ Kg8 40. Rd7 b5 41. h7+ 1-0

[Event "NZL-ch op 126th"]
[Site "Auckland"]
[Date "2019.01.16"]
[Round "3"]
[White "Rains, Edward"]
[Black "Drastik, Penelope"]
[Result "1-0"]
[WhiteElo "1999"]
[BlackElo "1713"]
[PlyCount "49"]
[EventDate "2019.01.14"]
[EventType "swiss"]
[EventRounds "9"]
[EventCountry "NZL"]
[SourceTitle "CBM 188 Extra"]
[Source "ChessBase"]
[SourceDate "2019.02.26"]
[SourceVersion "1"]
[SourceVersionDate "2019.02.26"]
[SourceQuality "1"]

1. e4 c5 2. Be2 g6 3. d3 Bg7 4. f4 Nc6 5. Nf3 e6 6. 0-0 Nge7 7. Qe1 Nd4 8. Bd1 d5 9. Nbd2 0-0 10. c3 Nxf3+ 11. Bxf3 Rb8 12. Qg3 Qc7 13. h4 b5 14. h5 b4 15. c4 Bb7 16. Qh4 dxc4 17. Nxc4 Nc6 18. f5 Qd8 19. Bg5 f6 20. hxg6 hxg6 21. fxg6 Re8 22. Qh7+ Kf8 23. Bh6 Qd4+ 24. Rf2 f5 25. e5 1-0

[Event "AUS-ch U18 Girls"]
[Site "Sandy Bay"]
[Date "2010.01.25"]
[Round "9"]
[White "Setiabudi, Megan"]
[Black "Drastik, Penelope"]
[Result "1-0"]
[WhiteElo "1399"]
[BlackElo "898"]
[PlyCount "25"]
[EventDate "2010.01.14"]
[EventType "swiss"]
[EventRounds "9"]
[EventCountry "AUS"]
[SourceTitle "EXT 2011"]
[Source "ChessBase"]
[SourceDate "2010.11.26"]
[SourceVersion "1"]
[SourceVersionDate "2010.11.26"]
[SourceQuality "1"]

1. e4 c5 2. Nc3 Nc6 3. f4 g6 4. Nf3 Bg7 5. Bc4 e6 6. d3 Nge7 7. 0-0 0-0 8. Bb3 f5 9. e5 d6 10. exd6 Qxd6 11. Qe2 Bxc3 12. bxc3 Nd8 13. Ng5 1-0